000 00680nam a2200193 i 4500
001 49583
003 ES-MaACL
005 20250730025312.0
007 t|
008 030718s1944 sp af |||| | spa d
080 _a616.24-002.5(575.8)
100 1 _aCostantini, G.
_941129
245 1 0 _aElementos de tisiología /
_cG. Costantini ; Apéndice, Análisis de laboratorio e investigaciones funcionales en la tuberculosis, por el Dr. E. Lenci ; versión del italiano por Emilio Sanz.
260 _aMadrid :
_bEspasa-Calpe,
_c1944.
300 _a414 p., 1 lám. :
_bil. ;
_c26 cm.
650 0 7 _aTuberculosis
_2embne
_917658
852 _aES-MaACL
_jC-5204
999 _c49583
_d49583